Cultura general por letra - Y - Estadísticas

Estadísticas generales
  • Esta prueba ha sido intentada 2.588 veces
    1.667 desde el último reinicio
  • La puntuación promedio es 14 de 20
Estadísticas de respuestas
Pista Respuesta % Correcto
Moneda oficial de Japón Yen
96%
País europeo que se disolvió en la década de 1990 Yugoslavia
93%
País de Oriente Medio Yemen
90%
Juguete que sube y baja con un hilo enrollado Yoyo
89%
Maestro Jedi de la saga de Star Wars Yoda
87%
Producto lácteo fermentado, común en muchas dietas Yogurt
87%
Empresa japonesa que se dedica a hacer motos e instrumentos musicales Yamaha
86%
Tubérculo comestible Yuca
78%
Motor de búsqueda Yahoo!
77%
Criatura legendaria del Himalaya Yeti
77%
Estado de México Yucatán
71%
Raza de perro pequeño, o condado en Inglaterra Yorkshire
69%
Disciplina física y mental originaria de la India Yoga
62%
Moneda de China Yuan
62%
Por ejemplo, Atapuerco o Altamira Yacimiento
61%
Universidad de la Ivy League Yale
54%
Canción y película animada de The Beatles «Yellow Submarine»
47%
Primer ser humano en salir de la atmósfera Yuri Gagarin
39%
Río más largo de China y el tercero del mundo Yangtsé
31%
Parque nacional en California Yosemite
30%
No se encontraron pruebas coincidentes
Distribución de puntuación
Porcentaje de gente con cada puntuación
Porcentaje por número respondido
Historial de tus puntuaciones
No has intentado esta prueba desde el último reinicio